01534nam a2200337Ia 4500001001200000003000800012006001900020007001500039008004100054010001700095020003800112020001800150040002100168035002000189050002600209082002400235100002400259245014100283260004800424300002900472500007100501504006400572533015200636546004800788650006900836650005400905651006500959655002901024710001701053856012601070ebr10279254CaPaEBRm u cr cn|||||||||970725s1999 nyuab sb 001 0 eng d z 97035716  z0195120078 (hc : acid-free paper) z9780195120073 aCaPaEBRcCaPaEBR a(OCoLC)4573386214aBL1945.T5bH83 1999eb04a294.3/923/095152211 aHuber, Toni,d1956-14aThe cult of Pure Crystal Mountainh[electronic resource] :bpopular pilgrimage and visionary landscape in southeast Tibet /cToni Huber. aNew York :bOxford University Press,c1999. axv, 297 p. :bill., map. aBased on the author's thesis (doctoral)--University of Canterbury. aIncludes bibliographical references (p. 265-282) and index. aElectronic reproduction.bPalo Alto, Calif. :cebrary,d2013.nAvailable via World Wide Web.nAccess may be limited to ebrary affiliated libraries. aText in English and a word list in Tibetan. 0aBuddhismzChinazTibet Autonomous RegionxCustoms and practices. 0aMountain worshipzChinazTibet Autonomous Region. 0aTibet Autonomous Region (China)xReligious life and customs. 7aElectronic books.2local2 aebrary, Inc.40uhttp://site.ebrary.com/lib/rucke/Doc?id=10279254zAn electronic book accessible through the World Wide Web; click to view